00377nam a22001337a 450000500170000000800410001702000150005804000130007308200200008610000220010624500480012826000560017630000110023220171110095228.0171110b xxu||||| |||| 00| 0 eng d a9679400123 cPK-LaUMT aPKAC 297bRAZ-H aRazali Hj. Nawawi aHukum Islam di pertikai?cRazali Hj. Nawawi aKuala Lumpur:bAngkatan belia Islam Malaysia,c1983 a120 p.